000 00448nam a2200181Ia 4500
001 2144
005 20260306143820.0
008 260306t1991||||xx |||||||||||||| ||spa||
041 _aESP
082 _a615.7
_bG366 P. 1
100 _aGoodman Gilman, Alfred,
_eAUT
245 0 _aLas bases farmacológicas de la terapéutica
260 _c1991
300 _a872 páginas :
_c22 cm.
650 _aGEN
654 _aCCS
942 _cLIB
_dJUS
_fJUS
_2ddc
_n
999 _c2144
_d2144